| 000 | 00000nam##2200000za#4500 |
| 001 | 9.632936 |
| 003 | CaOODSP |
| 005 | 20210624215058 |
| 007 | cr ||||||||||| |
| 008 | 150407|1999||||xxc|||||o f|0| 0 fre|d |
| 040 | |aCaOODSP|bfre |
| 043 | |an-cn--- |
| 086 | 1 |aSW21-43/1999F-PDF |
| 110 | 1 |aCanada. |bCondition féminine Canada. |
| 245 | 10|aLes femmes et la Loi canadienne sur les droits de la personne : |h[ressource électronique]|brecueil de rapports de recherche en matière de politiques / |cpar Donna Greschner ... [et al.]. |
| 260 | |aOttawa - Ontario : |bCondition féminine Canada |c1999. |
| 300 | |a253p.|bgraphiques, tableaux |
| 500 | |aSommaire: La Loi canadienne sur les droits de la personne devrait-elle refléter fidèlement la Charte?--L'égalité matérielle des femmes et la protection des droits sociaux et économiques en vertu de la Loi canadienne sur les droits de la personne.--L'inégalité économique des femmes et la Loi canadienne sur les droits de la personne.--Les plaintes de harcèlement sexuel déposées auprès de la Commission canadienne des droits de la personne. |
| 504 | |aBibliographie. |
| 590 | |a06-10-Supp|b2006-12-15 |
| 691 | 07|aDroits de la personne|2gcpds |
| 691 | 07|aFemme|2gcpds |
| 691 | 07|aDiscrimination sexuelle|2gcpds |
| 720 | 1 |aGreschner, Donna |
| 775 | 08|tWomen and the Canadian Human Rights Act : |w(CaOODSP)9.688510 |
| 776 | 0#|tLes femmes et la Loi canadienne sur les droits de la personne : |w(CaOODSP)9.680886 |
| 856 | 40|ahttp://publications.gc.ca|qPDF|s23 Ko|uhttps://publications.gc.ca/collections/Collection/SW21-43-1999F-1.pdf |
| 856 | 40|ahttp://publications.gc.ca|qPDF|s110 Ko|uhttps://publications.gc.ca/collections/Collection/SW21-43-1999F-2.pdf |
| 856 | 40|ahttp://publications.gc.ca|qPDF|s200 Ko|uhttps://publications.gc.ca/collections/Collection/SW21-43-1999F-3.pdf |
| 856 | 40|ahttp://publications.gc.ca|qPDF|s180 Ko|uhttps://publications.gc.ca/collections/Collection/SW21-43-1999F-4.pdf |
| 856 | 40|ahttp://publications.gc.ca|qPDF|s152 Ko|uhttps://publications.gc.ca/collections/Collection/SW21-43-1999F-5.pdf |